<?xml version="1.0" encoding="UTF-8"?>
<marc:record xmlns:marc="http://www.loc.gov/MARC21/slim">
   <marc:leader>00000nam a2200000 a 4500</marc:leader>
   <marc:datafield ind1="1" ind2=" " tag="100">
      <marc:subfield code="a">Riordan, Rick</marc:subfield>
      <marc:subfield code="4">aut</marc:subfield>
      <marc:subfield code="e">Verfasser/-in</marc:subfield>
   </marc:datafield>
   <marc:datafield ind1=" " ind2=" " tag="653">
      <marc:subfield code="a">ab 12</marc:subfield>
   </marc:datafield>
   <marc:datafield ind1=" " ind2=" " tag="653">
      <marc:subfield code="a">Fantasygeschichte</marc:subfield>
   </marc:datafield>
   <marc:datafield ind1=" " ind2=" " tag="653">
      <marc:subfield code="a">Zyklopen</marc:subfield>
   </marc:datafield>
   <marc:datafield ind1="0" ind2="0" tag="245">
      <marc:subfield code="a">Im Bann des Zyklopen</marc:subfield>
   </marc:datafield>
   <marc:datafield ind1=" " ind2="1" tag="264">
      <marc:subfield code="b">Carlsen Verlag GmbH</marc:subfield>
      <marc:subfield code="c">2017</marc:subfield>
   </marc:datafield>
   <marc:datafield ind1="1" ind2=" " tag="490">
      <marc:subfield code="a">Percy Jackson</marc:subfield>
   </marc:datafield>
   <marc:datafield ind1="1" ind2=" " tag="520">
      <marc:subfield code="a">Eine phantastische Mischung aus Mythos und Moderne Percys siebtes Schuljahr verläuft einigermaßen ruhig. Wenn da nicht diese Albträume wären, in denen sein bester Freund in Gefahr schwebt. Und tatsächlich: Grover befindet sich in der Gewalt eines Zyklopen. Zu allem Übel ist Camp Half-Blood nicht mehr sicher: Jemand hat den Baum der Thalia vergiftet, der die Grenzen dieses magischen Ortes bisher geschützt hat. Nur das goldene Vlies kann noch helfen. Wird es Percy gelingen, Grover und das Camp zu retten?</marc:subfield>
   </marc:datafield>
   <marc:datafield ind1=" " ind2=" " tag="020">
      <marc:subfield code="a">9783551557285</marc:subfield>
      <marc:subfield code="9">9783551557285</marc:subfield>
   </marc:datafield>
</marc:record>
